LEADER 01460nam a2200325 a 4500 001 000000010547 003 CaOOAMICUS 005 20100421160419.0 008 940516s1992 be u000 u lat r 035 $a10262150 040 $aPUL(R)$bita$delep 041 0 $alat$ager 130 0 $aAnonymus ad Cuimnanum.$0(OLS)http://pul/title/15387 245 10$aAnonymus ad Cuimnanum :$bExpossitio latinitatis /$cprimi ediderunt Bernhard Bischoff et Bengt Löfstedt. 246 30$aExpossitio latinitatis 260 $aTurnhout :$bBrepols,$c1992. 300 $axlii, 178 p. ;$c25 cm 490 1 $aCorpus Christianorum.$aSeries Latina ;$v133D 500 $aContiene indici. 504 $aInclude indicazioni bibliografiche. 546 $aTesto in latino, introduzione in tedesco. 776 1 $tAnonymus ad Cuimnanum$dTurnhout : Brepols, 1992.$kCorpus Christianorum. Instrumnta Lexiicologica Latina. Series A$w()123922 830 0$aCorpus Christianorum.$pSeries Latina ;$v133D.$0(OLS)http://pul/title/474 850 $aPUL 852 $aPUL$W1$xSL Cons. Gen., Altre Classi 1$y1$m2008 A 1.133D$j139137$nBK-PRI$qStampati$B14980$CPULBib$Z2$F14980 $H69590 $82 941 1 $a8 961 $aINV: 69590 996 $6245$aAnonymus ad Cuimnanum :$bExpossitio latinitatis$9(OLS)http://pul/title/15388 996 $6246$aExpossitio latinitatis$9(OLS)http://pul/title/15389 996 $6260$aTurnhout :$bBrepols$9(OLS)http://pul/publisher/47850 LEADER 02429nam a2200433 u 4500 001 000000014205 003 CaOOAMICUS 005 20070226105734.0 008 940517s1947 fr u000 u fre u 035 $a10337683 040 $aPUL(R)$bita$dEFR 041 1 $afre$alat 100 0 $aAugustinus,$cs., vesc. d'Ippona,$d354-430.$0(OLS)http://pul/name/1290 240 10$aDe fide et symbolo$9(Augustinus, s., vesc. d'Ippona, 354-430).$lFrançaise and Latin.$0(OLS)http://pul/title/20441 245 10$aExposés généraux de la foi /$ctexte, traduction, notes par J. Rivière. 246 32$aOeuvres de saint Augustin 260 $aParis :$bDesclée, De Brouwer et Cie.,$c1947. 300 $a447 p. ;$c18 cm 490 1 $aBibliothèque augustinienne., Oeuvres de Saint Augustin,$aPremière série, Opuscules ;$v9 500 $aIndex: p. 431-444. 505 0 $aDe fide et symbolo -- Enchiridion. 700 1 $aRivière, Jean,$csac.,$d1878-1946.$0(OLS)http://pul/name/19727 700 0 $aAugustinus,$cs., vesc. d'Ippona,$d354-430.$tEnchiridion ad Laurentium$9(Augustinus, s., vesc. d'Ippona, 354-430)$lFrançaise and Latin.$0(OLS)http://pul/name/13206 800 0 $aAugustinus,$cs., vesc. d'Ippona,$d354-430.$tWorks$9(Augustinus, s., vesc. d'Ippona, 354-430)$lFrançaise and Latin ;$v9.$0(OLS)http://pul/nameTitle/22$0(OLS)http://pul/name/1292$0(OLS)http://pul/title/5261 830 0$aBibliothèque augustinienne.$pOeuvres de Saint Augustin,$nPremière série,$pOpuscules ;$v9.$0(OLS)http://pul/title/1881 850 $aPUL 852 $aPUL$W1$xSL Religione 1$y3$m17 L 9$j19955$nBK-PRI$b $qStampati$B19955$CPULBib$Z2$F19955 $H $81 852 $aPUL$W1$xDP1 Fondo Ciprotti$y59$m1535 C 17$j19956$nBK-PRI$b $qFondi$B19956$CPULBib$Z2$F19956 $H $81 900 $aAgostino,$cs., vesc. d'Ippona,$d354-430$91290 900 $aAgostino, Aurelio,$cs., vesc. d'Ippona$d354-430$91290 900 $aAgostino,$cs., vesc. d'Ippona,$d354-430$91290 900 $aAgostino, Aurelio,$cs., vesc. d'Ippona$d354-430$91290 941 1 $a8 941 1 $a1 961 $aINV: 33098 961 $aINV: 0830. Fondo Ciprotti 996 $6245$aExposés généraux de la foi$9(OLS)http://pul/title/20442 996 $6246$aOeuvres de saint Augustin$9(OLS)http://pul/title/1880 996 $6260$aParis :$bDesclée, De Brouwer et Cie.$9(OLS)http://pul/publisher/49970